UBT Library

The world we have lost. (Record no. 39087)

000 -LEADER
fixed length control field 00588cam a2200253 4500
001 - CONTROL NUMBER
control field 1270070
005 - DATE AND TIME OF LATEST TRANSACTION
control field 20171218075529.0
008 - FIXED-LENGTH DATA ELEMENTS--GENERAL INFORMATION
fixed length control field 711101s1971 enkh b 001 0 eng
010 ## - LIBRARY OF CONGRESS CONTROL NUMBER
LC control number 74858774
015 ## - NATIONAL BIBLIOGRAPHY NUMBER
National bibliography number B71-19022
020 ## - INTERNATIONAL STANDARD BOOK NUMBER
International Standard Book Number 0416083900
040 ## - CATALOGING SOURCE
Original cataloging agency DLC
Transcribing agency DLC
Modifying agency DLC
041 ## - LANGUAGE CODE
Language code of text/sound track or separate title eng
043 ## - GEOGRAPHIC AREA CODE
Geographic area code e-uk---
080 ## - UNIVERSAL DECIMAL CLASSIFICATION NUMBER
Universal Decimal Classification number 309.141
082 00 - DEWEY DECIMAL CLASSIFICATION NUMBER
Classification number 309.141
100 1# - Rafti
Rafti 16
101 ## - Shkurtesa
Shkurtesa HIS
245 14 - TITLE STATEMENT
Title The world we have lost.
350 ## - PRICE (NR) (BK AM CF MU VM SE) [OBSOLETE]
Price £2.75
504 ## - BIBLIOGRAPHY, ETC. NOTE
Bibliography, etc Bibliography: p. [312]-317.
906 ## - LOCAL DATA ELEMENT F, LDF (RLIN)
a 7
b cbc
c orignew
d 3
e ncip
f 19
g y-gencatlg
942 ## - ADDED ENTRY ELEMENTS (KOHA)
Source of classification or shelving scheme
Item type Books
Holdings
Withdrawn status Lost status Source of classification or shelving scheme Damaged status Not for loan Collection code Permanent location Current location Shelving location Date acquired Total Checkouts Full call number Barcode Date last seen Price effective from Koha item type
          Koleksioni i përgjithshem UBT - Lipjan UBT - Lipjan Koleksioni i përgjithshem 12/18/2017   309.141 LAS 002-2939618 12/18/2017 12/18/2017 Books
UBT Library © 2015-2024. All rights reserved University Education for Business and Technology